Museo Nacional de Antropología, México: libro guía
Saved in:
| Format: | Book |
|---|---|
| Language: | Spanish |
| Published: |
Ciudad de México
CONACULTA-INAH
2004
Ciudad de México Lunwerg 2004 |
| Edition: | 1a. ed |
| Subjects: | |
| Tags: |
Add Tag
No Tags, Be the first to tag this record!
|
MARC
| LEADER | 00000nam a2200000 a 4500 | ||
|---|---|---|---|
| 001 | UCI6875 | ||
| 003 | CL-VaPUC | ||
| 008 | 080530e20040000mx |||||||||||||||||spa|d | ||
| 020 | |a 9680300056 | ||
| 082 | 0 | 4 | |a 708.972 |b MUS |2 21 |
| 245 | 1 | 0 | |a Museo Nacional de Antropología, México: libro guía |
| 250 | |a 1a. ed | ||
| 300 | |a 479 p | ||
| 942 | |c BK | ||
| 945 | |d 20080530 00:00:00 |a cmena | ||
| 260 | |a Ciudad de México |b CONACULTA-INAH |c 2004 | ||
| 260 | |a Ciudad de México |b Lunwerg |c 2004 | ||
| 500 | |a Incluye Cd-Rom | ||
| 650 | 0 | |a Museos |9 269209 | |
| 650 | 0 | |a Antropología cultural y social |9 265143 | |
| 650 | 0 | |a Arqueología |9 265619 | |
| 650 | 0 | |a Etnografía |9 309735 | |
| 650 | 7 | |a DESCUBRIMIENTOS CIENTIFICOS |2 CL-VaPUC |9 334499 | |
| 650 | 0 | |a Historia de México |9 321806 | |
| 650 | 0 | |a Costumbres y tradiciones |9 268292 | |
| 651 | 0 | |a México |9 255269 | |
| 583 | |a last modification |c 20171005 03:33:54 |k Rodrigo Vera | ||
| 999 | |c 330321 |d 330319 | ||
| 952 | |0 0 |1 0 |4 0 |6 708_972000000000000_MUS_2004_2004 |7 0 |8 A |9 415819 |a BIBHIS |b BIBHIS |d 2019-11-22 |i 4445279 |o 708.972 MUS 2004 2004 |p 4445279 |r 2025-01-20 |w 2019-11-22 |y BK |k HIS | ||